[Event "Davos op 9th"]
[Site "Davos"]
[Date "2011.08.11"]
[Round "5"]
[White "Tiller, Bjorn"]
[Black "Salvetti, Alec"]
[Result "1/2-1/2"]
[WhiteElo "2361"]
[BlackElo "2241"]
[PlyCount "139"]
[EventDate "2011.08.07"]
[EventType "swiss"]
[EventRounds "7"]
[EventCountry "SUI"]
[SourceTitle "CBM 144 Extra"]
[Source "ChessBase"]
[SourceDate "2011.10.28"]
[SourceVersion "1"]
[SourceVersionDate "2011.10.28"]
[SourceQuality "1"]

1. c4 e5 2. Nc3 Nc6 3. Nf3 Nf6 4. e3 Bb4 5. Qc2 Bxc3 6. Qxc3 Qe7 7. a3 d5 8. cxd5 Nxd5 9. Qb3 Nf6 10. d3 a5 11. Be2 0-0 12. Bd2 e4 13. dxe4 Nxe4 14. Bc3 a4 15. Qc2 Nxc3 16. Qxc3 Nd8 17. Rc1 Ne6 18. Bc4 Ng5 19. Bd5 Rd8 20. Qc5 Qd6 21. Qxd6 Rxd6 22. Rc5 Nxf3+ 23. Bxf3 c6 24. Ke2 Be6 25. Rd1 Rxd1 26. Kxd1 Kf8 27. e4 Ke7 28. e5 g5 29. Kd2 Bf5 30. Ke3 Rd8 31. Be2 Be6 32. g3 Bd5 33. Bd1 b6 34. Rc3 b5 35. f4 gxf4+ 36. gxf4 Rg8 37. Bf3 Ke6 38. Rc5 Bxf3 39. Kxf3 Rc8 40. Ke4 f5+ 41. Ke3 Kd7 42. Kd4 Rg8 43. Rc2 Rg4 44. Rf2 Rg1 45. Rd2 Kc7 46. Re2 Rd1+ 47. Ke3 c5 48. Rg2 Re1+ 49. Kd2 Re4 50. Rg7+ Kc6 51. Rxh7 Rxf4 52. e6 Rd4+ 53. Kc2 Re4 54. e7 Kd6 55. Rf7 Rxe7 56. Rxf5 Re2+ 57. Kc3 Rxh2 58. Rf6+ Ke5 59. Rb6 Rh3+ 60. Kc2 Rb3 61. Rh6 c4 62. Rb6 Kd4 63. Rb8 Kd5 64. Rb6 c3 65. bxc3 Kc5 66. Rb8 Rxa3 67. Kb2 Rb3+ 68. Kc2 Kc6 69. Ra8 Kb7 70. Ra5 1/2-1/2

[Event "BCF-chT1d 1011 (4NCL) Demotion pool"]
[Site "England"]
[Date "2011.05.01"]
[Round "10.15"]
[White "Tiller, Bjorn"]
[Black "Rawlinson, Aidan"]
[Result "1/2-1/2"]
[WhiteElo "2393"]
[BlackElo "2183"]
[PlyCount "43"]
[EventDate "2010.11.06"]
[EventType "team-tourn"]
[EventRounds "4"]
[EventCountry "ENG"]
[SourceTitle "EXT 2012"]
[Source "ChessBase"]
[SourceDate "2011.11.24"]
[SourceVersion "1"]
[SourceVersionDate "2011.11.24"]
[SourceQuality "1"]
[WhiteTeam "Hilsmark Kingfisher II"]
[BlackTeam "Oxford"]
[WhiteTeamCountry "ENG"]
[BlackTeamCountry "ENG"]

1. f4 d5 2. Nf3 g6 3. g3 Bg7 4. Bg2 Nf6 5. 0-0 0-0 6. d3 c5 7. Nc3 d4 8. Na4 Qc7 9. c3 Rd8 10. cxd4 cxd4 11. Bd2 Nc6 12. b4 e6 13. Rc1 Qd6 14. Rc4 a6 15. Ne5 Bd7 16. Nc5 Nxe5 17. fxe5 Qxe5 18. Nxb7 Rf8 19. Bf4 Qh5 20. h3 Nd5 21. g4 Qh4 22. Qd2 1/2-1/2

[Event "BCF-chT1b 1011 (4NCL)"]
[Site "England"]
[Date "2011.03.26"]
[Round "7.15"]
[White "Norinkeviciute, Rasa"]
[Black "Tiller, Bjorn"]
[Result "1/2-1/2"]
[WhiteElo "2028"]
[BlackElo "2393"]
[PlyCount "93"]
[EventDate "2010.11.06"]
[EventType "team-tourn"]
[EventRounds "7"]
[EventCountry "ENG"]
[SourceTitle "EXT 2012"]
[Source "ChessBase"]
[SourceDate "2011.11.24"]
[SourceVersion "1"]
[SourceVersionDate "2011.11.24"]
[SourceQuality "1"]
[WhiteTeam "e2e4.org.uk"]
[BlackTeam "Hilsmark Kingfisher"]
[WhiteTeamCountry "ENG"]
[BlackTeamCountry "ENG"]

1. c4 f5 2. g3 Nf6 3. Bg2 e5 4. Nc3 d6 5. d3 g6 6. e4 Nc6 7. Nge2 Bg7 8. 0-0 0-0 9. Nd5 Nh5 10. exf5 Bxf5 11. h3 Be6 12. Be3 Qd7 13. Kh2 Nd4 14. Ng1 c6 15. Nc3 d5 16. cxd5 cxd5 17. Bxd4 exd4 18. Nce2 g5 19. Nf3 g4 20. Ng5 gxh3 21. Bf3 Bg4 22. Bxg4 Qxg4 23. Nxh3 Be5 24. f4 Bg7 25. Rg1 Rae8 26. Nc3 Qxd1 27. Nxd1 Re2+ 28. Rg2 Re1 29. Rc1 Nf6 30. Nhf2 h5 31. Rc7 Rf7 32. Rc8+ Kh7 33. Rg1 Re2 34. Kh3 Rfe7 35. g4 hxg4+ 36. Nxg4 Nh5 37. Rf1 Re1 38. Rxe1 Rxe1 39. Ndf2 Nxf4+ 40. Kg3 Ne2+ 41. Kf3 Nc1 42. a3 Nb3 43. Rc7 b5 44. Rxa7 Rb1 45. Nf6+ Kg6 46. Nxd5 Nd2+ 47. Kg4 1/2-1/2

[Event "Reykjavik op"]
[Site "Reykjavik"]
[Date "2011.03.10"]
[Round "2.1"]
[White "Tiller, Bjorn"]
[Black "McShane, Luke J"]
[Result "0-1"]
[WhiteElo "2393"]
[BlackElo "2683"]
[PlyCount "74"]
[EventDate "2011.03.09"]
[EventType "swiss"]
[EventRounds "9"]
[EventCountry "ISL"]
[SourceTitle "CBM 141 Extra"]
[Source "ChessBase"]
[SourceDate "2011.05.03"]
[SourceVersion "1"]
[SourceVersionDate "2011.05.03"]
[SourceQuality "1"]

1. f4 d5 2. Nf3 g6 3. g3 Bg7 4. Bg2 Nh6 5. 0-0 0-0 6. d3 d4 7. c3 Nc6 8. e4 dxe3 9. d4 Nf5 10. g4 Nd6 11. Ne5 Na5 12. b4 Nac4 13. Qe2 Nb6 14. Bxe3 a5 15. b5 f6 16. Nd3 Nxb5 17. Nc5 c6 18. a4 Nd6 19. Nd2 Nd5 20. c4 Nxe3 21. Qxe3 Bxg4 22. Ne6 Bxe6 23. Qxe6+ Kh8 24. Rab1 f5 25. d5 Rc8 26. Kh1 cxd5 27. Bxd5 Rc7 28. Rfe1 Qe8 29. Nf3 Qxa4 30. Ng5 Bf6 31. Qe2 Rfc8 32. Rg1 Rxc4 33. Nxh7 Kxh7 34. Rxg6 Rc1+ 35. Rg1 Rxg1+ 36. Rxg1 Qxf4 37. Qg2 Qg5 0-1

[Event "BCF-chT1a 1011 (4NCL)"]
[Site "England"]
[Date "2011.01.15"]
[Round "3.12"]
[White "Tiller, Bjorn"]
[Black "Van Weersel, Arlette"]
[Result "1-0"]
[WhiteElo "2393"]
[BlackElo "2186"]
[PlyCount "71"]
[EventDate "2010.11.06"]
[EventType "team-tourn"]
[EventRounds "7"]
[EventCountry "ENG"]
[SourceTitle "EXT 2012"]
[Source "ChessBase"]
[SourceDate "2011.11.24"]
[SourceVersion "1"]
[SourceVersionDate "2011.11.24"]
[SourceQuality "1"]
[WhiteTeam "Hilsmark Kingfisher II"]
[BlackTeam "Cheddleton"]
[WhiteTeamCountry "ENG"]
[BlackTeamCountry "ENG"]

1. f4 d5 2. Nf3 g6 3. g3 Bg7 4. Bg2 Nf6 5. 0-0 0-0 6. d3 c5 7. Nbd2 Ng4 8. Nb3 Qb6 9. e3 a5 10. a4 Nc6 11. h3 c4 12. Nbd4 Nxd4 13. hxg4 Nc6 14. Nh4 cxd3 15. cxd3 Nb4 16. d4 Qd6 17. Bd2 b6 18. g5 Ba6 19. Bxb4 Qxb4 20. Rf2 Bc4 21. f5 Qd6 22. Qf3 h6 23. Qg4 h5 24. Qf3 Rad8 25. g4 hxg4 26. Qxg4 Bd3 27. Rc1 Qd7 28. Bf1 Bxf5 29. Nxf5 gxf5 30. Rxf5 e6 31. Rf2 e5 32. Qh5 Qd6 33. Bh3 f5 34. Bxf5 Rxf5 35. Rxf5 Qe6 36. g6 1-0

[Event "BCF-chT1b 1011 (4NCL)"]
[Site "England"]
[Date "2010.11.07"]
[Round "2.15"]
[White "Chevannes, Sabrina"]
[Black "Tiller, Bjorn"]
[Result "0-1"]
[WhiteElo "2074"]
[BlackElo "2393"]
[PlyCount "94"]
[EventDate "2010.11.06"]
[EventType "team-tourn"]
[EventRounds "7"]
[EventCountry "ENG"]
[SourceTitle "CBM 139 Extra"]
[Source "ChessBase"]
[SourceDate "2011.01.05"]
[SourceVersion "1"]
[SourceVersionDate "2011.01.05"]
[SourceQuality "1"]
[WhiteTeam "Cambridge"]
[BlackTeam "Hilsmark Kingfisher"]
[WhiteTeamCountry "ENG"]
[BlackTeamCountry "ENG"]

1. d4 g6 2. Nf3 d6 3. e4 Nf6 4. Nc3 Bg7 5. Be3 a6 6. Bd3 0-0 7. h3 b5 8. a4 b4 9. Ne2 Bb7 10. Ng3 Nbd7 11. 0-0 c5 12. c3 bxc3 13. bxc3 Qa5 14. Qd2 e6 15. Rfb1 Rfb8 16. Qe1 Bc6 17. Bc2 cxd4 18. cxd4 Qxe1+ 19. Nxe1 d5 20. f3 Nb6 21. Bf4 Nfd7 22. e5 Bf8 23. Nf1 Nc4 24. Rxb8 Rxb8 25. Nd3 a5 26. Nd2 Nb2 27. Ra2 Nxd3 28. Bxd3 Rb4 29. Be3 Bxa4 30. Kf2 Bb5 31. Ke2 Bxd3+ 32. Kxd3 a4 33. Kc3 Nb6 34. Bh6 Rb5 35. Bxf8 Kxf8 36. Rb2 Rxb2 37. Kxb2 Nc4+ 38. Kc3 Nxd2 39. Kxd2 g5 40. g4 f6 41. exf6 Kf7 42. Kc3 Kxf6 43. Kb4 e5 44. Kxa4 exd4 45. Kb3 Ke5 46. Kc2 Kf4 47. Kd3 Kxf3 0-1

[Event "Arctic Chess Challenge"]
[Site "Tromsoe"]
[Date "2009.08.07"]
[Round "7"]
[White "Tiller, Bjorn"]
[Black "Notkevich, Benjamin Arvola"]
[Result "1-0"]
[WhiteElo "2371"]
[BlackElo "2144"]
[PlyCount "75"]
[EventDate "2009.08.01"]
[EventType "swiss"]
[EventRounds "9"]
[EventCountry "NOR"]
[SourceTitle "CBM 131 Extra"]
[Source "ChessBase"]
[SourceDate "2009.09.03"]
[SourceVersion "2"]
[SourceVersionDate "2009.09.16"]
[SourceQuality "1"]

1. b4 e6 2. Bb2 d5 3. e3 Nf6 4. a3 Bd6 5. c4 dxc4 6. Bxc4 a5 7. b5 Nbd7 8. a4 b6 9. Nf3 Bb7 10. Nc3 0-0 11. Qe2 Qe7 12. 0-0 Rad8 13. e4 Ne5 14. Nxe5 Bxe5 15. d3 Nd7 16. f4 Bd4+ 17. Kh1 Nc5 18. f5 Kh8 19. Rf3 Qd6 20. Raf1 Nd7 21. Rh3 Bc8 22. g4 exf5 23. gxf5 Qe5 24. Qd2 Nf6 25. Rg3 Bb7 26. Kg2 Rd7 27. Kh3 h6 28. Rfg1 Bxg1 29. Rxg1 Qc5 30. Qg2 Ne8 31. Nd5 f6 32. Nf4 Qe3+ 33. Qg3 Qxg3+ 34. Kxg3 Kh7 35. Ng6 Rg8 36. Kf4 Nd6 37. Be6 Rgd8 38. Bxd7 1-0

[Event "Arctic Chess Challenge"]
[Site "Tromsoe"]
[Date "2009.08.02"]
[Round "2"]
[White "Soraas, Torben"]
[Black "Tiller, Bjorn"]
[Result "0-1"]
[WhiteElo "2157"]
[BlackElo "2371"]
[PlyCount "48"]
[EventDate "2009.08.01"]
[EventType "swiss"]
[EventRounds "9"]
[EventCountry "NOR"]
[SourceTitle "CBM 131 Extra"]
[Source "ChessBase"]
[SourceDate "2009.09.03"]
[SourceVersion "2"]
[SourceVersionDate "2009.09.16"]
[SourceQuality "1"]

1. e4 c5 2. Nc3 Nc6 3. g3 e6 4. Bg2 Nf6 5. Nge2 d6 6. 0-0 Be7 7. h3 h5 8. d4 cxd4 9. Nxd4 Bd7 10. Ndb5 Qb8 11. a4 a6 12. Na3 Qc7 13. Qe2 Rc8 14. Re1 Kf8 15. Be3 Na5 16. Bf1 Be8 17. Bd4 Nd7 18. f4 Kg8 19. Rad1 Nb6 20. Nd5 exd5 21. exd5 Bf6 22. Qxe8+ Rxe8 23. Rxe8+ Kh7 24. Bd3+ g6 0-1

[Event "BCF-chT1a 0809 (4NCL)"]
[Site "England"]
[Date "2009.03.21"]
[Round "7.6"]
[White "Russell, Christopher"]
[Black "Tiller, Bjorn"]
[Result "1/2-1/2"]
[WhiteElo "2076"]
[BlackElo "2370"]
[PlyCount "68"]
[EventDate "2008.10.04"]
[EventType "team-tourn"]
[EventRounds "7"]
[EventCountry "ENG"]
[SourceTitle "EXT 2010"]
[Source "ChessBase"]
[SourceDate "2010.11.25"]
[SourceVersion "1"]
[SourceVersionDate "2010.11.25"]
[SourceQuality "1"]
[WhiteTeam "Sambuca Sharks"]
[BlackTeam "Wood Green Hilsmark Kingfisher"]
[WhiteTeamCountry "ENG"]
[BlackTeamCountry "ENG"]

1. e4 a6 2. d4 b5 3. Be3 Bb7 4. Nd2 Nf6 5. Bd3 d6 6. f3 e5 7. c3 c5 8. d5 Nbd7 9. a4 c4 10. Bc2 Be7 11. Ne2 0-0 12. Ng3 Ne8 13. axb5 axb5 14. Rxa8 Qxa8 15. 0-0 g6 16. Qa1 Ng7 17. b3 f5 18. Ne2 cxb3 19. Nxb3 Nf6 20. Qxa8 Rxa8 21. Ra1 Ra4 22. Rxa4 bxa4 23. Na5 a3 24. Nc1 Ba6 25. Nc6 Kf7 26. Nb4 Bc4 27. Nca2 Bd8 28. g3 fxe4 29. fxe4 Ng4 30. Ba7 Bg5 31. Bb1 Bd2 32. Kg2 Ne3+ 33. Bxe3 Bxe3 34. Bd3 Bxa2 1/2-1/2

[Event "Arctic Chess Challenge"]
[Site "Tromsoe"]
[Date "2008.08.07"]
[Round "6"]
[White "Notkevich, Benjamin Arvola"]
[Black "Tiller, Bjorn"]
[Result "0-1"]
[WhiteElo "2105"]
[BlackElo "2374"]
[PlyCount "52"]
[EventDate "2008.08.02"]
[EventType "swiss"]
[EventRounds "9"]
[EventCountry "NOR"]
[SourceTitle "CBM 125 Extra"]
[Source "ChessBase"]
[SourceDate "2008.09.01"]
[SourceVersion "1"]
[SourceVersionDate "2008.09.01"]
[SourceQuality "1"]

1. d4 b5 2. e4 a6 3. Bd3 Bb7 4. f4 Nf6 5. Nd2 e6 6. Ngf3 c5 7. c3 cxd4 8. cxd4 Nc6 9. e5 Nd5 10. Nb3 Bb4+ 11. Kf2 f5 12. a3 Be7 13. Bd2 Qb6 14. Qe2 0-0 15. Rhc1 Rac8 16. Kg3 Rce8 17. Qe1 d6 18. Na5 Nxd4 19. Qf2 Nxf3 20. Qxb6 Nxb6 21. gxf3 Ba8 22. Nc6 dxe5 23. Nxe7+ Rxe7 24. Bb4 Rd7 25. Bxf8 Rxd3 26. Bc5 Rxf3+ 0-1

[Event "Ghent Taminco op 31st"]
[Site "Ghent"]
[Date "2008.07.21"]
[Round "5"]
[White "Tiller, Bjorn"]
[Black "Goossens, Roel"]
[Result "1-0"]
[WhiteElo "2374"]
[BlackElo "1978"]
[PlyCount "89"]
[EventDate "2008.07.19"]
[EventType "swiss"]
[EventRounds "9"]
[EventCountry "BEL"]
[SourceTitle "CBM 125 Extra"]
[Source "ChessBase"]
[SourceDate "2008.09.01"]
[SourceVersion "1"]
[SourceVersionDate "2008.09.01"]
[SourceQuality "1"]

1. e4 e6 2. d3 d5 3. Nd2 c5 4. f4 Nc6 5. Ngf3 g6 6. g3 Bg7 7. Bg2 Nge7 8. 0-0 0-0 9. e5 f6 10. exf6 Bxf6 11. Re1 Qd6 12. Qe2 Nb4 13. Nf1 d4 14. N1d2 Qc7 15. Ne4 h6 16. Nxf6+ Rxf6 17. c3 Nbc6 18. cxd4 Nxd4 19. Nxd4 cxd4 20. Qe5 Qxe5 21. fxe5 Rf7 22. Bxh6 Bd7 23. Rac1 Bc6 24. Be4 Bxe4 25. Rxe4 Nc6 26. Bg5 a5 27. Bf6 a4 28. a3 Ra5 29. Rc4 Rh7 30. h4 Rb5 31. Re2 Ra5 32. Rec2 Rd7 33. Rc5 Rd5 34. Rxa5 Rxa5 35. Kg2 Kf7 36. Re2 Rc5 37. g4 Rc1 38. h5 gxh5 39. gxh5 Rd1 40. Kh2 Rxd3 41. Rg2 Rf3 42. h6 Rf5 43. Rg7+ Kf8 44. h7 Rh5+ 45. Kg3 1-0

[Event "BCF-chT 0708 (4NCL)"]
[Site "Sunningdale"]
[Date "2008.01.13"]
[Round "6.4"]
[White "Lewis, Andrew P"]
[Black "Tiller, Bjorn"]
[Result "1/2-1/2"]
[WhiteElo "2296"]
[BlackElo "2389"]
[PlyCount "20"]
[EventDate "2007.09.15"]
[EventType "team-tourn"]
[EventRounds "11"]
[EventCountry "ENG"]
[SourceTitle "EXT 2008"]
[Source "ChessBase"]
[SourceDate "2007.11.25"]
[SourceVersion "1"]
[SourceVersionDate "2007.11.25"]
[SourceQuality "1"]
[WhiteTeam "Barbican II"]
[BlackTeam "Wood Green London"]
[WhiteTeamCountry "ENG"]
[BlackTeamCountry "ENG"]

1. c4 g6 2. Nc3 Bg7 3. d4 d6 4. Nf3 c6 5. e4 a6 6. Be3 b5 7. h3 Nf6 8. e5 Nfd7 9. exd6 exd6 10. Qd2 0-0 1/2-1/2

[Event "BCF-chT 0708 (4NCL)"]
[Site "Sunningdale"]
[Date "2007.09.16"]
[Round "2.3"]
[White "Tiller, Bjorn"]
[Black "Wall, Gavin"]
[Result "1/2-1/2"]
[WhiteElo "2382"]
[BlackElo "2328"]
[PlyCount "85"]
[EventDate "2007.09.15"]
[EventType "team-tourn"]
[EventRounds "11"]
[EventCountry "ENG"]
[SourceTitle "EXT 2008"]
[Source "ChessBase"]
[SourceDate "2007.11.25"]
[SourceVersion "1"]
[SourceVersionDate "2007.11.25"]
[SourceQuality "1"]
[WhiteTeam "Wood Green London"]
[BlackTeam "Richmond"]
[WhiteTeamCountry "ENG"]
[BlackTeamCountry "ENG"]

1. e4 c5 2. d3 Nc6 3. f4 d5 4. Be2 dxe4 5. dxe4 Qxd1+ 6. Bxd1 b6 7. Nf3 Bb7 8. Be3 g6 9. c3 Bh6 10. g4 0-0-0 11. g5 Bg7 12. Nbd2 h6 13. Bb3 e6 14. 0-0-0 Na5 15. Bc2 hxg5 16. Nxg5 Nh6 17. Rhg1 Rd7 18. a3 Ba6 19. h4 Rhd8 20. Ba4 Rd3 21. Bf2 Bf8 22. Bc2 R3d7 23. Ndf3 Rxd1+ 24. Bxd1 Bd6 25. Ne5 Bxe5 26. fxe5 Bd3 27. Be3 Rh8 28. b3 c4 29. b4 Nc6 30. Bf4 Nd8 31. h5 gxh5 32. Bxh5 Kd7 33. Bf3 Ng8 34. Kd2 Ne7 35. Ke3 Nec6 36. Bg4 Ne7 37. Bg3 Ng6 38. Nf3 Nc6 39. Ra1 Rg8 40. Bh5 Rh8 41. Bg4 Rg8 42. Bh5 Rh8 43. Bg4 1/2-1/2

[Event "BCF-chT 0708 (4NCL)"]
[Site "Sunningdale"]
[Date "2007.09.15"]
[Round "1.3"]
[White "Buckley, Graeme N"]
[Black "Tiller, Bjorn"]
[Result "1/2-1/2"]
[WhiteElo "2379"]
[BlackElo "2382"]
[PlyCount "127"]
[EventDate "2007.09.15"]
[EventType "team-tourn"]
[EventRounds "11"]
[EventCountry "ENG"]
[SourceTitle "EXT 2008"]
[Source "ChessBase"]
[SourceDate "2007.11.25"]
[SourceVersion "1"]
[SourceVersionDate "2007.11.25"]
[SourceQuality "1"]
[WhiteTeam "Guildford II"]
[BlackTeam "Wood Green London"]
[WhiteTeamCountry "ENG"]
[BlackTeamCountry "ENG"]

1. d4 g6 2. e4 Bg7 3. Nc3 a6 4. Be3 d6 5. f4 b5 6. Bd3 Nd7 7. Nf3 c5 8. e5 Bb7 9. Be4 Qc7 10. Ng5 Bxe4 11. Ncxe4 h6 12. exd6 exd6 13. dxc5 hxg5 14. Qd5 0-0-0 15. 0-0-0 Kb8 16. fxg5 Ne5 17. cxd6 Qc4 18. Bb6 Rc8 19. Bc7+ Rxc7 20. dxc7+ Qxc7 21. Nc5 Ka7 22. Qd6 Qxd6 23. Rxd6 Ne7 24. Rxa6+ Kb8 25. Rb6+ Kc7 26. Rxb5 Kc6 27. a4 Nf5 28. Ne4 Rh4 29. Rc5+ Kb7 30. Re1 Rxh2 31. Nf6 Bxf6 32. gxf6 Nd7 33. Rb5+ Kc6 34. Rb4 Rxg2 35. a5 Rh2 36. a6 Rh8 37. Kd2 Ra8 38. Ra1 Nd6 39. c4 Ra7 40. Kc3 Nc5 41. Rb8 Rxa6 42. Rxa6+ Nxa6 43. Ra8 Nc7 44. Ra1 Ne4+ 45. Kb4 g5 46. Rg1 Ne6 47. Ka5 Kc5 48. Rc1 g4 49. b4+ Kc6 50. Ka6 g3 51. Ka7 g2 52. b5+ Kc5 53. b6 Nxf6 54. b7 Nd7 55. Rg1 Nf4 56. b8Q Nxb8 57. Kxb8 Kxc4 58. Kc7 Kd4 59. Kd6 Ke4 60. Ke7 f5 61. Kf7 Kf3 62. Kf6 Kg4 63. Kf7 Kg5 64. Kg7 1/2-1/2

[Event "NOR-chT 0607"]
[Site "Oslo"]
[Date "2007.03.09"]
[Round "7"]
[White "Tiller, Bjorn"]
[Black "Ekeberg, Carl Fredrik"]
[Result "1/2-1/2"]
[WhiteElo "2371"]
[BlackElo "2365"]
[PlyCount "128"]
[EventDate "2006.11.10"]
[EventType "team"]
[EventRounds "9"]
[EventCountry "NOR"]
[SourceTitle "EXT 2008"]
[Source "ChessBase"]
[SourceDate "2007.11.25"]
[SourceVersion "1"]
[SourceVersionDate "2007.11.25"]
[SourceQuality "1"]

1. e4 c5 2. d3 g6 3. f4 Bg7 4. Nf3 d5 5. Be2 e6 6. 0-0 Nc6 7. c3 Nge7 8. Be3 b6 9. Bf2 0-0 10. Nbd2 dxe4 11. dxe4 e5 12. Bg3 exf4 13. Bxf4 h6 14. Bc4 Na5 15. Bb5 a6 16. Ba4 Be6 17. Qe2 b5 18. Bb3 c4 19. Bc2 Nac6 20. Rad1 Qb6+ 21. Kh1 Rad8 22. h3 Rfe8 23. Rde1 Bc8 24. g4 Nd5 25. Bg3 Nf6 26. Qh2 Qa7 27. Re2 Be6 28. Rfe1 Nd7 29. Bc7 Rc8 30. Bd6 Nc5 31. Re3 Rcd8 32. a3 Nb7 33. Bf4 Nc5 34. g5 h5 35. Qg3 Nd7 36. Kh2 Nde5 37. R1e2 Bc8 38. Nh4 Qc5 39. Nf5 Kh7 40. Nxg7 Kxg7 41. Nf3 Nxf3+ 42. Rxf3 Ne5 43. Bxe5+ Qxe5 44. Ref2 Rd7 45. Qxe5+ Rxe5 46. h4 Bb7 47. Rf4 Kf8 48. Kg3 Ke8 49. Kf3 Re6 50. Ke3 Re5 51. Rf6 Rde7 52. R2f4 Rd7 53. a4 Rc5 54. a5 Re5 55. Rf2 Rde7 56. R6f4 Kf8 57. Rd2 Ke8 58. Rd4 Kf8 59. Rf6 Kg7 60. Rfd6 Kf8 61. Rd8+ Kg7 62. R8d7 Kf8 63. Rd2 R5e6 64. Kf4 f6 1/2-1/2

[Event "BCF-chT 0607 (4NCL)"]
[Site "Sunningdale"]
[Date "2006.11.11"]
[Round "3.4"]
[White "Tiller, Bjorn"]
[Black "Ferguson, Mark"]
[Result "1/2-1/2"]
[WhiteElo "2361"]
[BlackElo "2395"]
[PlyCount "50"]
[EventDate "2006.09.16"]
[EventType "team"]
[EventRounds "11"]
[EventCountry "ENG"]
[SourceTitle "EXT 2008"]
[Source "ChessBase"]
[SourceDate "2007.11.25"]
[SourceVersion "1"]
[SourceVersionDate "2007.11.25"]
[SourceQuality "1"]
[WhiteTeam "Wood Green"]
[BlackTeam "Barbican"]
[WhiteTeamCountry "ENG"]
[BlackTeamCountry "ENG"]

1. e4 e5 2. f4 exf4 3. Bc4 Nf6 4. Nc3 Bb4 5. e5 d5 6. Bb3 Ne4 7. Qh5 Bxc3 8. dxc3 c6 9. Bxf4 a5 10. a4 0-0 11. Nf3 Nd7 12. Rf1 Ndc5 13. 0-0-0 Nxb3+ 14. cxb3 Nc5 15. Nd4 Ne6 16. Be3 Nxd4 17. Rxd4 Qb6 18. Rf6 Be6 19. Rh6 g6 20. Qh4 Qc7 21. Rxh7 Qxe5 22. Bf4 Qe2 23. Rh8+ Kg7 24. Qh6+ Kf6 25. Qg5+ Kg7 1/2-1/2